Các biện pháp quản lí đội ngũ giáo viên chủ nhiệm lớp ở trường Trung học phổ thông tỉnh Quảng Ngãi
Cơ sở lý luận về công tác quản lý đội ngũ giáo viên chủ nhiệm lớp ở trường trung học phổ thông; Thực trạng công tác giáo viên chủ nhiệm lớp và quản lý đội ngũ giáo viên chủ nhiệm lớp ở trường Trung học phổ thông tỉnh Quảng Ngãi; Các biện pháp quản lý đội ngũ giáo viên chủ nhiệm lớp ở trường Trung họ...
Đã lưu trong:
| Hovedforfatter: | |
|---|---|
| Andre forfattere: | |
| Format: | Bog |
| Udgivet: |
Đà Nẵng
Đại học Đà Nẵng
2012
|
| Fag: | |
| Tags: |
Tilføj Tag
Ingen Tags, Vær først til at tagge denne postø!
|
| Thư viện lưu trữ: | Mạng thư viện Đại học Đà Nẵng |
|---|
| LEADER | 01918nam a2200313 4500 | ||
|---|---|---|---|
| 001 | 000017718 | ||
| 003 | 14144 | ||
| 005 | 20130903080939.0 | ||
| 008 | 130521s2012 sd | ||
| 082 | |a 373.11024 |b NG-V | ||
| 100 | |a Ngô Quang Vinh | ||
| 245 | |a Các biện pháp quản lí đội ngũ giáo viên chủ nhiệm lớp ở trường Trung học phổ thông tỉnh Quảng Ngãi |c Ngô Quang Vinh ; Lê Quang Sơn hướng dẫn. |k Luận văn Thạc sĩ | ||
| 260 | |a Đà Nẵng |b Đại học Đà Nẵng |c 2012 | ||
| 300 | |a 97 tr., phụ lục 21 tr. |c 29 cm. |e Đĩa CD, tài liệu tóm tắt | ||
| 500 | |a Luận văn thạc sĩ Giáo dục học. Chuyên ngành : Quản lý giáo dục. Mã số: 60.14.05. | ||
| 520 | |a Cơ sở lý luận về công tác quản lý đội ngũ giáo viên chủ nhiệm lớp ở trường trung học phổ thông; Thực trạng công tác giáo viên chủ nhiệm lớp và quản lý đội ngũ giáo viên chủ nhiệm lớp ở trường Trung học phổ thông tỉnh Quảng Ngãi; Các biện pháp quản lý đội ngũ giáo viên chủ nhiệm lớp ở trường Trung học phổ thông tỉnh Quảng Ngãi... | ||
| 650 | 0 | 4 | |a Giáo dục THPT |v Luận văn tốt nghiệp |x Giáo viên chủ nhiệm |x Quản lí |z Quảng Ngãi |
| 653 | |a Quản lý giáo dục |a Giáo viên chủ nhiệm |a Giáo dục THPT | ||
| 700 | |a Lê Quang Sơn |c PGS.TS |e Hướng dẫn | ||
| OWN | |a LSP | ||
| AVA | |a UDN50 |b LSP |d 373.11024 NG-V |e available |t Error 5001 Not defined in file expand_doc_bib_avail. |f 1 |g 0 |h N |i 0 |k 1 | ||
| 999 | |a From the UDN01 | ||
| AVA | |a UDN50 |b LSP |d 373.11024 NG-V |e available |t Error 5001 Not defined in file expand_doc_bib_avail. |f 1 |g 0 |h N |i 0 |k 1 | ||
| TYP | |a Monograph | ||
| TYP | |a Printed language | ||
| 980 | |a Mạng thư viện Đại học Đà Nẵng | ||